[Event "SLO-chT2 West"]
[Site "Kranj"]
[Date "2008.10.18"]
[Round "7.6"]
[White "Vukadinovic, Bojan"]
[Black "Tisler, Janez"]
[Result "1-0"]
[WhiteElo "1532"]
[BlackElo "1563"]
[PlyCount "120"]
[EventDate "2008.10.11"]
[EventType "team-swiss"]
[EventRounds "9"]
[EventCountry "SLO"]
[SourceTitle "EXT 2010"]
[Source "ChessBase"]
[SourceDate "2010.11.25"]
[SourceVersion "1"]
[SourceVersionDate "2010.11.25"]
[SourceQuality "1"]
[WhiteTeam "Postojna"]
[BlackTeam "Podpec II"]
[WhiteTeamCountry "SLO"]
[BlackTeamCountry "SLO"]

1. e4 c5 2. c4 Nc6 3. Nf3 e6 4. Nc3 Be7 5. a3 a6 6. d3 d6 7. h3 Bd7 8. Be2 Bf6 9. 0-0 Nge7 10. Rb1 Nd4 11. Nh2 0-0 12. Bd2 Bc6 13. f4 Ng6 14. b4 Qb6 15. Kh1 cxb4 16. axb4 Qc7 17. Ng4 Bh4 18. b5 Bd7 19. Be3 Nxe2 20. Nxe2 axb5 21. cxb5 Qa5 22. b6 f5 23. Nh2 Qa4 24. Nf3 fxe4 25. Nxh4 Nxh4 26. d4 Nf5 27. Bg1 Qxd1 28. Rfxd1 Ra2 29. Nc3 Rc2 30. Nxe4 Bc6 31. Nd2 Nh4 32. Rbc1 Rxc1 33. Rxc1 Bxg2+ 34. Kh2 Bc6 35. Kg3 Nf5+ 36. Kg4 Ra8 37. Nc4 Ra2 38. Ne3 g6 39. d5 Nxe3+ 40. Bxe3 Rg2+ 41. Kh4 exd5 42. Bd4 Re2 43. Rxc6 bxc6 44. b7 Re8 45. Ba7 c5 46. b8Q Rxb8 47. Bxb8 c4 48. Bxd6 c3 49. Kg3 Kf7 50. Bb4 d4 51. Kf3 Ke6 52. Ke4 h6 53. Kxd4 c2 54. Bd2 Kf5 55. Ke3 g5 56. Kf3 gxf4 57. Bxf4 h5 58. Bd2 Ke5 59. Kg3 Kf5 60. Kh4 Kg6 1-0